000 00732nam a2200205 a 4500
001 693
003 CO-ViMGA
008 141112s2004 ck r 000 u spa d
040 _aCO-ViMGA
_bspa
_cCO-ViMGA
082 0 4 _a641.3 L151
100 1 _aLalanne, Raymond
_948546
245 1 0 _aLa alimentación humana
260 _aBarcelona :
_bOikos - tau,
_c1971
300 _a121 p
490 _aQue se, 64
505 _aDiversidad de las costumbres alimenticias influencia de la alimentación sobre salud 9 - - Nociones sobre la fisiología de la nutrición 35 - - Estudio y uso de los alimentos del hombre 59 - - Las raciones alimenticias 103
650 1 4 _aALIMENTACION HUMANA
_948547
650 1 4 _aALIMENTOS
_98065
942 _2ddc
_cBK
999 _c12931
_d12931